000 00921cab a22001935a 4500
001 L143353
008 080429e20080425xxk f 000 0 eng d
035 _a(Sirsi) u143353
041 0 _aeng
110 2 _aBuilding
_91694
245 0 4 _aThe accused
260 _c2008
490 0 _aBuilding
_v273(8526) 25 April 2008, 28-31(4)
520 _aDiscusses the fallout from the Office of Fair Trading's (OFT's) four year inquiry into bid rigging in which 112 construction firms were accused of anti-competitive behaviour, including Balfour Beatty, Carillion, Kier, Rok and Willmott Dixon. Explains the background to the enquiry, the OFT's case, the charge of cover pricing, the response of contractors and clients, whether the accused firms will fight, and worst and best case scenarios for the three of the firms.
590 _aKA
651 4 _aUnited Kingdom
_y
690 _aConstruction management
_96230
942 _n0
999 _c80146
_d80146